La Constitución Británica en el Siglo XXI: soberanía parlamentaria, constitucionalismo, common law y leyes constitucionales

Tallennettuna:
Bibliografiset tiedot
Päätekijä: Virgala Foruria, Eduardo
Aineistotyyppi: Tuntematon
Kieli:englanti
espanja
Julkaistu: España Marcial Pons 2018
Painos:Primera edición
Aiheet:
Tagit: Lisää tagi
Ei tageja, Lisää ensimmäinen tagi!

MARC

LEADER 00000 a2200000 4500
003 CL-VaPUC
005 20220324131218.0
008 200107b ||||| |||| 00| 0 eng d
999 |c 376124  |d 376122 
020 |a 9788491235538 
040 |c Pontificia Universidad Católica de Valparaíso 
041 0 |a spa 
082 |a 342.41 VIR 2018 
100 |a Virgala Foruria, Eduardo  |9 605035 
245 |a La Constitución Británica en el Siglo XXI: soberanía parlamentaria, constitucionalismo, common law y leyes constitucionales 
250 |a Primera edición 
260 |b Marcial Pons  |c 2018  |a España 
583 |k Hugo Gaete  |c 20200107 
650 0 0 |a Derecho constitucional   |9 222588 
650 0 0 |a CONSTITUCION BRITANICA  |9 605665 
650 0 0 |a Constitución política  |9 336925 
650 0 0 |a Soberanía  |9 266726 
650 0 0 |a Teoría de la constitución  |9 257794 
651 |a REINO UNIDO  |9 388523 
942 |2 ddc  |c BK 
952 |0 0  |1 0  |2 ddc  |4 0  |6 342_410000000000000_VIR_2018  |7 0  |9 495294  |a BIBDER  |b BIBDER  |d 2020-01-02  |e 36  |g 13473.00  |i 5568897  |l 1  |m 3  |o 342.41 VIR 2018   |p 5568897  |q 2025-12-31  |r 2022-08-03  |s 2022-08-03  |t 1  |v 13473.00  |w 2020-01-02  |y BK  |k DER